000 nam a22 a 4500
999 _c2366
_d2366
003 AKMAL
005 20170516112130.0
008 170516s1992 my a00 may d
020 _a9679940438 (kkt.) :
_cRM30.00
040 _aAKMAL
_cAKMAL
082 0 4 _a500 MAI
090 _a500
_bMAI
100 _aHairudin Harun
_94919
245 1 0 _aDaripada sains Yunani kepada sains Islam :
_bperanan dan proses penyerapan sains asing dalam pembentukan sains Islam klasikal /
_cHairudin Harun
260 _aKuala Lumpur :
_bPenerbit Univeriti Malaya,
_c2004
300 _axxiii, 270ms. :
_bil. ;
_c24cm
500 _aMengandungi ayat-ayat dari al-Quran
504 _aMengandungi rujukan bibliografi
505 0 _aMengandungi indeks
521 _aPeringkat pembaca : Dewasa
650 _aIslam and science
_9152
650 _aScience
_xHistory
_94909
650 _aScience
_xPhilosophy
_94920
942 _2ddc
_cBOOK